Normal view
MARC view
Entry Personal Name
001 - CONTROL NUMBER
- control field: 4376
003 - CONTROL NUMBER IDENTIFIER
- control field: BD-RjUL
005 - DATE AND TIME OF LATEST TRANSACTION
- control field: 20220814102551.0
008 - FIXED-LENGTH DATA ELEMENTS
- fixed length control field: 220814|| aca||aabn | a|a d
040 ## - CATALOGING SOURCE
- Original cataloging agency: BD-RjUL
- Transcribing agency: BD-RjUL
100 ## - HEADING--PERSONAL NAME
- Personal name: Khaleque, M. A. Supervisor
670 ## - SOURCE DATA FOUND
- Source citation: Work cat.: (BD-RjUL)80200: Hossain, Md. Daud 4375, Cytogenetical Studies In Chilli (Capsicum Annuum L.) /, 1990